|
|
|
|
| LEADER |
00715nam a2200217Ia 4500 |
| 001 |
CTU_127667 |
| 008 |
210402s9999 xx 000 0 und d |
| 020 |
|
|
|c 155000
|
| 082 |
|
|
|a 428.0076
|
| 082 |
|
|
|b J25g
|
| 100 |
|
|
|a Jakeman, Vanessa
|
| 245 |
|
0 |
|a Action plan for IELTS:
|
| 245 |
|
0 |
|b General training module
|
| 245 |
|
0 |
|c Vanessa Jakeman, Clare McDowell.
|
| 260 |
|
|
|a Cambridge, UK
|
| 260 |
|
|
|b Cambridge University Press
|
| 260 |
|
|
|c 2006
|
| 650 |
|
|
|a International English Language Testing System.,English language,English language
|
| 650 |
|
|
|x Examinations,Study guides.,Textbooks for foreign speakers,Study guides.
|
| 904 |
|
|
|i Minh
|
| 980 |
|
|
|a Trung tâm Học liệu Trường Đại học Cần Thơ
|